|
|
|
|
| LEADER |
00829nam a2200265 4500 |
| 001 |
DLU180187545 |
| 005 |
##20181003 |
| 040 |
# |
# |
|a DLU
|b vie
|
| 041 |
# |
# |
|a vie
|
| 044 |
# |
# |
|a vn
|
| 100 |
# |
# |
|a Lê Thị Bích thủy.
|
| 245 |
# |
# |
|a Rabindranath Tagore và tình yêu thương trẻ em trong Mây và mặt trời /
|c Lê Thị Bích thủy.
|
| 653 |
# |
# |
|a Quan niệm nghệ thuật
|
| 653 |
# |
# |
|a Quan niệm nhân sinh
|
| 653 |
# |
# |
|a Tagore, Rabindranath, 1861-1941
|
| 653 |
# |
# |
|a Truyện ngắn
|
| 773 |
# |
# |
|t Văn hoá Nghệ thuật
|g Số 402, 2017, tr. 91-93
|
| 920 |
# |
# |
|a Phòng Tạp chí -- Trung tâm Thông tin - Thư viện Trường Đại học Đà Lạt
|
| 900 |
# |
# |
|a True
|
| 911 |
# |
# |
|a Hoàng Thị Huyền
|
| 925 |
# |
# |
|a G
|
| 926 |
# |
# |
|a A
|
| 927 |
# |
# |
|a BB
|
| 980 |
# |
# |
|a Thư viện Trường Đại học Đà Lạt
|